01751nam a2200337 a 450000100100000000500170001000800410002702000150006802000150008304000250009808200170012310000340014024500490017426000430022330000340026650000760030050400730037650400320044965000630048165100620054465100480060671000550065471000520070904900090076195201300077095201300090095201300103095201150116095201210127599900170139600002520620250205124808.0110211s1998 dr ab 000 0 spa d a8489525587 a8492184582 aDO-SdBNPbspacBNPHU a330.9bL925j1 aLozano, Wilfredod1950-9712610aJornaleros e inmigrantes /cWilfredo Lozano. aSanto Domingo :bFLASCObINTEC,c1998. a189 p. :bil., map. ;c22 cm. aIncluye datos biográficos del autor en la solapa de la contracubierta aIncluye referencias bibliográficas y notas al pie de las páginas aBibliografía : p. 173-181 4aTrabajadores agríícolaszRepública Dominicana951684 4aRepública DominicanaxEmigración E Inmigración9290 4aHaitíxEmigración E Inmigración914251 aFacultad Latinoamericana de Ciencias Sociales92942 aInstituto Tecnológico de Santo Domingo978911 aBNPD 001054708DSaGRbGRcHDd2011-02-11iLF1l0o330.9 L925jp25206-30r2020-06-25te. 3w2020-06-25yLFDSZPréstamo en sala 001054708DSaGRbGRcHDd2011-02-11iLF1l0o330.9 L925jp25206-40r2020-06-25te. 4w2020-06-25yLFDSZPréstamo en sala 001054708DSaGRbGRcHDd2011-02-21iLF1l0o330.9 L925jp25206-50r2020-06-25te. 5w2020-06-25yLFDSZPréstamo en sala 0010718PDaPDbPDcHDd2011-02-11iLF1l0o330.9 L925jp25206-10r2020-06-25w2020-06-25yLFPDZNo se presta 0010718PDaPDbPDcHDd2011-02-11iLF1l0o330.9 L925jp25206-20r2020-06-25te. 2w2020-06-25yLFPDZNo se presta c24699d24699